| 000 | 00453nam a22001697a 4500 | ||
|---|---|---|---|
| 020 | _a9789355939869 | ||
| 082 |
_aM803 _bDEE/E |
||
| 100 | _aDeedi Damodaran | ||
| 245 |
_aEmpty space: _bbashpeekruthayude aaramviral/ _cby Deedi Damodaran |
||
| 260 |
_aThrissur: _bBook worm, _c2026. |
||
| 300 | _a120+47p. | ||
| 650 | _a Memoirs Prameela nair | ||
| 650 | _aMemoirs Malayalam | ||
| 650 | _aLiterature Malayalam | ||
| 650 | _aLiterature | ||
| 942 | _cBK | ||
| 999 |
_c181915 _d181915 |
||